000 00707nam a2200205Ia 4500
003 GCL
008 140319s9999 xx 000 0 ara d
040 _aGCL /
_cGCL
082 0 4 _a819
_bا ش
100 1 _aالمحمدى عبد العزيز الحناوى
245 1 0 _aشعر السرى الرفاء: فى ضوء المقاييس البلاغية ونقدية /
_cالمحمدى عبد العزيز الحناوى
260 _a[S.N] :
_bدار الطباعة المحمدية ،
_c1984
300 _a159 ص
490 _a
650 0 4 _aالشعر العربى
650 0 4 _aالادب العربى
650 0 4 _aالبلاغة العربية
650 0 4 _aتاريخ ونقد
942 _2ddc
_cBK
999 _c32295
_d32295